000 00212nam a2200097 4500
082 _a954.9042ZAI
100 _aZaidi, Z.H
245 _aJinnah Papers
260 _aIslamabad:
_bCabinet Division,
_c2006.
942 _cBK
999 _c10835
_d10835